01071nam a2200301 a 4500003000900000005001700009008002900026020001500055040002200070092001500092100001700107245012600124260002500250300002800275490002000303521002700323650003300350650003700383700003500420700003900455700002500494830002000519942001200539945002700551952015100578956002500729999001500754DO-SdBNP20180222085128.0110411s1990 sp a 000 j spa d a8434832755 aBPMSUbspacBPMSU aXXXXbXXXX1 aFarias, Juan13aLa espada de Liuva /cJuan Farias ; ilustraciones Tino Gatagán ; colección dirigida por Isabel Cano, Jesús Larriba. aMadrid :bSM,c1990. a123 p. :bil. ;c17 cm.0 aCatamaránv261 aA partir de 12 años. 2NOVELA INFANTIL ESPAÑOLA 2LITERATURA INFANTIL ESPAÑOLA1 aCano, Isabeledir. colección1 aLarriba, Jesúsedir. colección1 aGatagán, Tinoeil. 0aCatamaránv26 2ddccBK aInventariado, 2018/ YL 00102ddc40708CI-GaBPMETbBPMETd2015-11-12eAgencia de cooperación internacional del Japón l0pBPMSU15110229r2015-11-12w2015-11-12yBK aYLOCKWARDb10cBPMSU c8678d8678